| 000 | 00560nam a2200205Ii 4500 | ||
|---|---|---|---|
| 003 | JO-AjNU | ||
| 005 | 20240623135102.0 | ||
| 008 | 230605s9999||||xx |||||||||||||| ||und|| | ||
| 040 |
_aJO-AjNU _bara _erda _cJO-AjNU |
||
| 041 | _aara | ||
| 050 | 1 | 4 | _aPT3829.Z4 K312 1985 |
| 245 | 0 | 0 | _aكازانوفا |
| 264 | 3 | 1 | _aدمشق :دار طلاس ،1985 |
| 300 | _a204صفحة | ||
| 336 |
_atext _btxt _2rdacontent |
||
| 337 |
_aunmediated _bn _2rdamedia |
||
| 338 |
_avolume _bnc _2rdacarrier |
||
| 650 | 4 |
_aالقصص الألمانية _917983 |
|
| 942 |
_2lcc _cBK |
||
| 999 |
_c9234 _d9234 |
||